Sports Quiz

Random Sports Quiz
Score 0/15 Timer 01:30
0 Plays Today
Years & Primary Position Player % Correct
2004- 2006, 2009- 2010: SSDerek Jeter
100%
2006- 2009, 2012: SSDerek Jeter
100%
1985- 1989, 1991- 1994: 1BDon Mattingly
96.4%
2000- 2003, 2007: CJorge Posada
96.4%
1985- 1987: 1BDon Mattingly
96.4%
2009- 2010, 2012: 1BMark Teixeira
92.7%
1973- 1975: CThurman Munson
92.7%
2006, 2010- 2013: 2BRobinson Cano
92.7%
Years & Primary Position Player % Correct
2005, 2007- 2008: 3BAlex Rodriguez
92.7%
1997- 2000: OFBernie Williams
90.9%
1982- 1985, 1987: OFDave Winfield
89.1%
1981- 1985: OFDave Winfield
89.1%
1992- 1986: PRon Guidry
74.5%
1961- 1965: 2BBobby Richardson
65.5%
1965- 1966, 1969: 1BJoe Pepitone
58.2%
Come Together.
Have Fun.
All Virtual.
We all need to come together. Play Sporcle's virtual live trivia to have fun, connect with people, and get your trivia on. Join a live hosted trivia game for your favorite pub trivia experience done virtually. If a virtual private party is more your thing, go here for details.

You're not logged in!

Compare scores with friends on all Sporcle quizzes.
OR
Log In

Sporcle TV

Today on Sporcle TV


Watch our educational content, quiz creation guides, and fun videos on Sporcle TV.

Show Comments

Extras

Top Quizzes Today


Score Distribution

Paid Content

Your Account Isn't Verified!

In order to create a playlist on Sporcle, you need to verify the email address you used during registration. Go to your Sporcle Settings to finish the process.

Report this User

Report this user for behavior that violates our Community Guidelines.

Details: